Význam stability rodinného prostredia v období vysokej školy

Uložené v:
Podrobná bibliografia
Hlavný autor: Danišovičová, Monika, 1988- (Autor)
Ďalší autori: Černáková, Eleonóra, 1- (Vedúci práce)
Médium: Rukopis Kniha
Jazyk:Slovak
Vydavateľské údaje: Trnava : STU v Bratislave MTF KIP, 2012
Predmet:
On-line prístup:VAIS
Tagy: Pridať tag
Žiadne tagy, Buďte prvý, kto otaguje tento záznam!

MARC

LEADER 00000ntm a22000003a 4500
001 stu251596
005 20150617230204.8
008 120719s2012----xo------------------slo-d
040 |a STU  |b slo 
041 0 |a slo 
044 |a xo 
100 1 |a Danišovičová, Monika,  |d 1988-  |4 aut  |u M  |T MTF Materiálovotechnologická fakulta  |X 7848  |U M  |Y 60  |7 A000007848 
242 0 0 |a Importance of Stable Family Environment During University Studies  |y eng 
245 1 |a  Význam stability rodinného prostredia v období vysokej školy 
260 |a Trnava :  |b STU v Bratislave MTF KIP,  |c 2012 
300 |a 76 s  |c príl 
650 7 |a učiteľstvo technických profesijných predmetov  |2 stusub 
650 7 |a Teaching Specific Engineering Subjects  |2 estusub 
650 7 |a rodina  |2 stusub 
700 1 |a Černáková, Eleonóra,  |d 1-  |4 ths  |X 61769  |7 A000061769 
856 4 |a info a plný text  |u http://is.stuba.sk/zp/portal_zp.pl?podrobnosti=81056  |3 VAIS 
996 |c M*DP-10948  |l MMSKP  |s P  |a 0  |w stu251596_0001